000
00205nam a22000977a 4500
003
OSt
008
200923b ||||| |||| 00| 0 eng d
100
_a
Chandrasekharan
_9
4772
245
_a
Biology
942
_c
BK
999
_c
16349
_d
16349